Burlas y sátiras (Registro nro. 19375)
[ vista simple ]
| 000 -CABECERA | |
|---|---|
| Longitud fija campo de control | 00529nam a22001817a 4500 |
| 003 - IDENTIFICADOR DELl NÚMERO DE CONTROL | |
| Identificador del número de control | OSt |
| 005 - FECHA Y HORA DE LA ÚLTIMA TRANSACCIÓN | |
| Fecha y hora de la última transacción | 20150309102855.0 |
| 008 - CÓDIGOS DE INFORMACIÓN DE LONGITUD FIJA | |
| Códigos de información de longitud fija | 150309b xxu||||| |||| 00| 0 eng d |
| 040 ## - FUENTE DE LA CATALOGACIÓN | |
| Centro transcriptor | BMC |
| 082 ## - NÚMERO DE LA CLASIFICACIÓN DECIMAL DEWEY | |
| Númeroo de clasificación | 867 |
| 100 0# - PUNTO DE ACCESO PRINCIPAL-NOMBRE DE PERSONA | |
| Nombre de persona | Voltaire |
| Fechas asociadas al nombre | 1694-1778 |
| 9 (RLIN) | 1498 |
| 245 10 - MENCIÓN DE TÍTULO | |
| Título | Burlas y sátiras |
| Mención de responsabilidad, etc. | Voltaire ; traducción de Manuel Gil de Oto |
| 260 ## - PUBLICACIÓN, DISTRIBUCIÓN, ETC. (PIE DE IMPRENTA) | |
| Lugar de publicación, distribución, etc. | Barcelona |
| Nombre del editor, distribuidor, etc. | Antonio Roch |
| Fecha de publicación, distribución, etc. | [1925] |
| 300 ## - DESCRIPCIÓN FÍSICA | |
| Extensión | 228 p., 1 h. |
| Dimensiones | 20 cm |
| 650 24 - PUNTO DE ACCESO ADICIONAL DE MATERIA - TÉRMINO DE MATERIA | |
| 9 (RLIN) | 248 |
| Término de materia o nombre geográfico como elemento inicial | Sátira española |
| 700 1# - PUNTO DE ACCESO ADICIONAL - NOMBRE DE PERSONA | |
| 9 (RLIN) | 32492 |
| Nombre de persona | Gil de Oto, Manuel |
| Fechas asociadas al nombre | 1870-1937 |
| 942 ## - ENTRADA DE ELEMENTOS AGREGADOS (KOHA) | |
| Fuente de clasificaión o esquema | Dewey Decimal Classification |
| Koha [por defecto] tipo de item | 1- Monografias |
| Parte de clasificación | ahoj |
| Suprimido | Perdido | Fuente de clasificación o esquema | Estropeado | Restricciones de uso | No para préstamo | Código de colección | Localización permanente | Localización actual | Localización en estanter&íacute;as | Fecha adquisición | Fuente de adquisición | Número de inventario | Préstamos totales | Signatura completa | Código de barras | Fecha última consulta | Fecha del precio de reemplazo | Tipo de item de Koha |
|---|---|---|---|---|---|---|---|---|---|---|---|---|---|---|---|---|---|---|
| NULL | NULL | Dewey Decimal Classification | NULL | Prestable | NULL | NULL | Biblioteca Miguel de Cervantes - UNICAES | Biblioteca Miguel de Cervantes - UNICAES | Sala Principal | 06/10/2004 | Donación - Mayorga Rivas | 028928 | 867 VOL bur | 1029538 | 12/03/2015 | 12/03/2015 | 1- Monografias |